| 000 | 00703nam a2200217Ii 4500 | ||
|---|---|---|---|
| 003 | JO-AjNU | ||
| 008 | 230605s9999||||xx |||||||||||||| ||und|| | ||
| 017 | _a2004/10/2549 | ||
| 040 |
_aJO-AjNU _bara _erda _cJO-AjNU |
||
| 041 | _aara | ||
| 050 | 1 | 4 | _aZ699.T34 2005 |
| 100 | 3 |
_aالتكروري ،سناء حافظ , _eauthor _931584 |
|
| 245 | 0 | 0 | _a نظم استرجاع المعلومات بين النظرية والتطبيق |
| 250 | _aط1 | ||
| 264 | 3 | 1 | _aعمان :دار الصفاء للنشر ،2005 |
| 300 | _a266ص | ||
| 336 |
_atext _btxt _2rdacontent |
||
| 337 |
_aunmediated _bn _2rdamedia |
||
| 338 |
_avolume _bnc _2rdacarrier |
||
| 650 | 4 |
_aتنظيم المعلومات _931585 |
|
| 999 |
_aA12648 _c16216 _d16216 |
||